000 00764nam a2200265Ia 4500
003 OSt
005 20220926012242.0
006 a|||||r|||| 00| 0
007 ta
008 220923b |||||||| |||| 00| 0 eng d
020 _a0521003113
037 _cGeneral Book
040 _aRTL
_cRTL
_beng
041 _2eng
_aeng
082 _aX:(S:44), P1
100 _aGilboa Itzhak
245 0 _aTheory of case based decisions
260 _aNew York
_bCambridge University Press
_c2001
300 _ax,199p
_ccm.
500 _aBibliography: P 189-95
650 _aEconomic IRT Decision Making
_9289250
700 _a Schmeidler David
_9314244
942 _hX:(S:44), P1
_cGB
_2CC
999 _c622230
_d622230